Alfred Müller-Armack - Die Politische Biografie Eines Ökonomen. (Titelsatznr. 73092)
[ MARC ]
| 000 -Satzkennung | |
|---|---|
| Kontrollfeld mit fester Länge | 03046nam a22003613i 4500 |
| 001 - Kontrollnummer | |
| Kontrollfeld | EBC31608310 |
| 003 - Kontrollnummer Identifier | |
| Kontrollfeld | MiAaPQ |
| 005 - Datum und Zeit der letzten Transaktion | |
| Kontrollfeld | 20251024192622.0 |
| 007 - Feld mit fester Länge zur physischen Beschreibung - Allgemeine Information | |
| Kontrollfeld mit fester Länge | cr cnu|||||||| |
| 008 - Feld mit fester Länge zur physischen Beschreibung - Allgemeine Angaben | |
| Kontrollfeld mit fester Länge | 251024s2023 xx o ||||0 ger d |
| 020 ## - Internationale Standardbuchnummer | |
| Internationale Standardbuchnummer | 9783402159040 |
| Nähere Angaben | (electronic bk.) |
| 020 ## - Internationale Standardbuchnummer | |
| Gelöschte/ungültige ISBN | 9783402159033 |
| 040 ## - Katalogisierungsquelle | |
| Original-Katalogisierungsstelle | MiAaPQ |
| Katalogisierungssprache | eng |
| Übertragungsstelle | MiAaPQ |
| 100 1# - Haupteintragung - Personenname | |
| Personenname | Großbölting, Thomas. |
| Koha-Normdatenidentnummer | 3501 |
| 245 10 - Titel | |
| Titel | Alfred Müller-Armack - Die Politische Biografie Eines Ökonomen. |
| 250 ## - Ausgabebezeichnung | |
| Ausgabebezeichnung | 1st ed. |
| 264 #1 - Produktion, Veröffentlichung, Distribution, Herstellung und Urheberrechtsvermerk | |
| Herstellungs-, Veröffentlichungs- Vertriebs-, Erzeugungsort | Münster : |
| Produzent, Herausgeber, Distributor, Hersteller | Aschendorff Verlag GmbH & Co. KG, |
| Datum der Herstellung, der Veröffentlichung, des Vertriebs oder des Urheberschutzvermerks | 2023. |
| 264 #4 - Produktion, Veröffentlichung, Distribution, Herstellung und Urheberrechtsvermerk | |
| Datum der Herstellung, der Veröffentlichung, des Vertriebs oder des Urheberschutzvermerks | {copy}2023. |
| 300 ## - Physische Beschreibung | |
| Umfang | 1 online resource (94 pages) |
| 336 ## - Inhaltstyp | |
| Inhaltstypterm | Text |
| Inhaltstypcode | txt |
| Quelle | rdacontent |
| 337 ## - Medientyp | |
| Bezeichnung des Medientyps | Computermedien |
| Medientypcode | c |
| Quelle | rdamedia |
| 338 ## - Datenträgertyp | |
| Datenträgertypbezeichnung | Online Resource |
| Datenträgertypcode | cr |
| Quelle | rdacarrier |
| 500 ## - Allgemeine Fußnote | |
| Allgemeine Fußnote | E-Book-ProQuest / Fernzugriff nach Registrierung möglich |
| 505 0# - Fußnote zu strukturierten Inhaltsangaben | |
| Fußnote zu strukturierten Inhaltsangaben | Titel -- Inhaltsverzeichnis -- 1. Einleitung -- 2. Kindheit, Jugend, erste Karriereschritte - Vom Studierenden zum Krisenforscher: Müller-Armacks Weg in die Wissenschaft -- 3. Müller-Armack während des Nationalsozialismus -- 3.1 Eintritt in die NSDAP: Müller-Armack als „Märzgefallener" -- 3.2 „Staatsidee und Wirtschaftsordnung im Neuen Reich":Müller-Armacks wissenschaftliche Positionierung zum Nationalsozialismus -- 3.2.1 Müller-Armacks Beobachtungen zur aktuellen Situation des Jahres 1933 -- 3.2.2 Der neue „Geschichtsaktivismus" und der „totale Staat" -- 3.2.3 Kritik des Parlamentarismus -- 3.2.4 Die neue Staatsidee, die Lenkung der Gesellschaft und die Grundlage des Volkstums -- 3.2.5 Zentrale Wirtschaftslenkung im neuen Staat als „Vollzug der völkischen Entwicklung" -- 3.2.6 Die wirtschaftlichen Konsequenzen der neuen Wirtschaftslenkung -- 3.3 Müller-Armack im Feld der Ökonomen -- 3.4 Müller-Armack als Professor und Wissenschaftsorganisatoran der Universität Münster -- 4. „Abkehr vom Nationalsozialismus"? Religionssoziologie, „Wirtschaftsstil" und Vergangenheitsbewältigung à la Müller-Armack -- 5. Wissenschaftler, politischer Beamter und Politiker:Alfred Müller-Armack nach 1945 -- 5.1 Kontinuität im Umbruch: Die Nachkriegskarriere des Ökonomen -- 5.2 Der Blick zurück: Müller-Armacks Aktivitäten im Nationalsozialismusaus der Perspektive der Nachkriegsjahre -- 5.3 Alfred Müller-Armack als „Erfinder" der sozialen Marktwirtschaft -- 6. Ein Resümee: War Müller-Armack ein Nationalsozialist? -- Literatur -- Veröffentlichte Quellen -- Archivalische Quellen -- Abbildungsnachweis -- Personenregister. |
| 653 ## - Indexierungsterm - Nicht normiert | |
| Nicht-normierter Term | Müller-Armack, Alfred,-1901-1978. |
| 655 ## - Indexierungsterm - Genre/Form | |
| Genre/Form oder fokussierter Term | Fernzugriff |
| Koha-Normdatenidentnummer | 230 |
| 655 #4 - Indexierungsterm - Genre/Form | |
| Genre/Form oder fokussierter Term | |
| 776 08 - Andere physische Form | |
| Verweisungsphrase | Print version: |
| Haupteintragung | Großbölting, Thomas |
| Titel | Alfred Müller-Armack - Die Politische Biografie Eines Ökonomen |
| Ort, Verlag und Erscheinungsjahr | Münster : Aschendorff Verlag GmbH & Co. KG,c2023 |
| Internationale Standardbuchnummer | 9783402159033 |
| 856 40 - Elektronische Adresse und Zugriff | |
| URL | <a href="https://ebookcentral.proquest.com/lib/maxweberstiftung-ebooks/detail.action?docID=31608310">https://ebookcentral.proquest.com/lib/maxweberstiftung-ebooks/detail.action?docID=31608310</a> |
| OPAC-Notiz | Volltext |
| 942 ## - Zusätzliche Felder (Koha) | |
| Koha-Medientyp | E-Books |
| Ausgeschieden | Verloren | Klassifikation oder Aufstellungssystematik | Beschädigt | Nicht entleihbar | Heimatbibliothek | Aufenthaltsbibliothek | Aufstellungsort | Erwerbungsdatum | Inventarnummer | Signatur | Barcode | Letzte Aktivität | Preis gültig von | Koha-Medientyp |
|---|---|---|---|---|---|---|---|---|---|---|---|---|---|---|
| Andere/Generische Klassifikation | MWN Osteuropa | MWN Osteuropa | Online-Ressource | 24/10/2025 | 25-e01112 | E-25-e01112 | 76013 | 24/10/2025 | 24/10/2025 | E-Books |